000 00808nam a2200277Ia 4500
003 OSt
005 20221006160159.0
006 a|||||r|||| 00| 0
007 ta
008 221006b |||||||| |||| 00| 0 eng d
020 _a9788975742217
_cW12,000
024 _a44,533
037 _bGift, Koren Embassy
_cTextual
040 _aEASL
_cEASL
_beng
041 _2eng
_aeng
082 _aO495,1N52, P4
100 _aKim Seung-hee
_9672243
245 0 _aLife within an egg
260 _aSeoul
_bDapGae books Korea
_c2004
300 _a358p.
_ccm.
490 _v KEL
_aEnglish translation of Korean literature series.11
500 _aBiliungal - English-Korea
650 _aKEL
942 _hO495,1N52, P4
_cTEXL
_2CC
999 _c1112625
_d1112625